Simposio sobre la antigüedad clásica (Record no. 144104)

MARC details
000 -LEADER
campo de control de longitud fija 00826nam a2200205 4500
001 - NÚMERO DE CONTROL
campo de control 144104
003 - IDENTIFICADOR DE NÚMERO DE CONTROL
campo de control ES-MaACL
005 - FECHA Y HORA DE LA ÚLTIMA TRANSACCIÓN
campo de control 20230906200938.0
007 - CAMPO FIJO DE DESCRIPCIÓN FÍSICA--INFORMACIÓN GENERAL
campo de control de longitud fija t|
008 - DATOS DE LONGITUD FIJA--INFORMACIÓN GENERAL
campo de control de longitud fija 070214s1969 sp r ||||1| spa d
111 2# - ENTRADA PRINCIPAL--NOMBRE DE CONGRESO/REUNIÓN
Nombre de congreso/reunión o jurisdicción como elemento de entrada Simposio sobre la Antigüedad Clásica (
Sede del congreso/Lugar de la reunión Valle de los Caídos [Madrid] (
Fecha del congreso o de la firma del tratado 1968)
9 (RLIN) 1089
245 10 - MENCIÓN DEL TÍTULO
Título Simposio sobre la antigüedad clásica
Resto del título : (Valle de los Caídos, 1-3 XI 1968).
260 ## - PUBLICACIÓN, DISTRIBUCIÓN, ETC.
Lugar de publicación, distribución, etc. Madrid :
Nombre del editor, distribuidor, etc. Sociedad Española de Estudios Clásicos,
Fecha de publicación, distribución, etc. 1969 (
Fabricante Cóndor)
300 ## - DESCRIPCIÓN FÍSICA
Extensión 162 p. ;
Dimensiones 24 cm.
490 1# - MENCIÓN DE SERIE
Mención de serie Publicaciones de la Sociedad Española de Estudios Clásicos ;
Designación de volumen o secuencia 9
710 2# - ENTRADA AGREGADA--NOMBRE DE ENTIDAD CORPORATIVA
Nombre de entidad corporativa o nombre de jurisdicción como elemento de entrada Sociedad Española de Estudios Clásicos.
9 (RLIN) 6720
830 0# - PUNTO DE ACCESO ADICIONAL DE SERIE-TÍTULO UNIFORME
Título uniforme Publicaciones de la Sociedad Española de Estudios Clásicos ;
Designación de volumen o secuencia 9
9 (RLIN) 220636
852 ## - LOCALIZACIÓN
Ubicación ES-MaACL
Número de control de estantería C-41767
Sublocalización o colección R.72401
Holdings
Estatus retirado Estado de pérdida Estado de daño No para préstamo Biblioteca de origen Biblioteca actual Ubicación en estantería Fecha de adquisición Fuente de adquisición Total de préstamos Signatura topográfica completa Código de barras Visto por última vez Precio de reemplazo Tipo de ítem Koha
        Biblioteca del Ateneo de Madrid Biblioteca del Ateneo de Madrid Depósito 2 17/01/2008     C-41767 1149928 23/02/2023 23/02/2023 Libro impreso